| 000 | 00677nam a2200205 4500 | ||
|---|---|---|---|
| 001 | 113593 | ||
| 003 | ES-MaACL | ||
| 005 | 20230906185943.0 | ||
| 007 | t| | ||
| 008 | 061121s1935 sp r ||||1| spa d | ||
| 100 | 1 |
_aNoelke, Friedrich. _9185736 |
|
| 245 | 1 | 0 |
_aHipotesis geotectonicas / _cFriedrich Noelke ; traducción de Juan Carandell. |
| 260 |
_aMadrid : _b[s.n.], _c1935. |
||
| 300 |
_a206 p. ; _c20 cm. |
||
| 500 | _aJunta Ampliación de Estudios e Investigaciones Científicas. | ||
| 700 | 1 |
_aCarandell, Juan. _934958 |
|
| 710 | 2 |
_aJunta para la Ampliación de Estudios e Investigaciones Científicas. _95413 |
|
| 852 |
_aES-MaACL _jA-4201 |
||
| 999 |
_c113593 _d113593 |
||